The clerical organization of the House of Commons, 1661-1850. (Record no. 2292)

MARC details
000 -LEADER
fixed length control field 00787cam a22002531 4500
001 - CONTROL NUMBER
control field 7924792
003 - CONTROL NUMBER IDENTIFIER
control field OSt
005 - DATE AND TIME OF LATEST TRANSACTION
control field 20230621155555.0
008 - FIXED-LENGTH DATA ELEMENTS--GENERAL INFORMATION
fixed length control field 770729s1954 xx 000 0 eng c
010 ## - LIBRARY OF CONGRESS CONTROL NUMBER
LC control number a 55008691
015 ## - NATIONAL BIBLIOGRAPHY NUMBER
National bibliography number GB54-16865
035 ## - SYSTEM CONTROL NUMBER
System control number (OCoLC)3148760
040 ## - CATALOGING SOURCE
Original cataloging agency North Carolina Univ.
Transcribing agency OC
Modifying agency Uk
-- DLC
042 ## - AUTHENTICATION CODE
Authentication code premarc
082 ## - DEWEY DECIMAL CLASSIFICATION NUMBER
Classification number 328.42
Item number WIL
100 1# - MAIN ENTRY--PERSONAL NAME
Personal name Williams, Orlo,
Dates associated with a name 1883-
245 14 - TITLE STATEMENT
Title The clerical organization of the House of Commons, 1661-1850.
260 ## - PUBLICATION, DISTRIBUTION, ETC. (IMPRINT)
Place of publication, distribution, etc. Oxford,
Name of publisher, distributor, etc. Clarendon Press,
Date of publication, distribution, etc. 1954.
300 ## - PHYSICAL DESCRIPTION
Extent xv, 366 p.
Other physical details table.
Dimensions 23 cm.
500 ## - GENERAL NOTE
General note Appendices covering various source materials: p. 280-335.
610 10 - SUBJECT ADDED ENTRY--CORPORATE NAME
Corporate name or jurisdiction name as entry element Great Britain.
Subordinate unit Parliament.
-- House of Commons.
906 ## - LOCAL DATA ELEMENT F, LDF (RLIN)
a 7
b cbc
c oclcrpl
d u
e ncip
f 19
g y-gencatlg
942 ## - ADDED ENTRY ELEMENTS (KOHA)
Source of classification or shelving scheme Dewey Decimal Classification
Koha item type Books
Holdings
Withdrawn status Lost status Source of classification or shelving scheme Damaged status Not for loan Home library Current library Date acquired Total Checkouts Full call number Barcode Date last seen Price effective from Koha item type
    Dewey Decimal Classification     County Hall Archives County Hall Archives 06/21/2023   328.42 WIL 10001175 06/21/2023 06/21/2023 Books
LIBRARY OPENING HOURS

When the Parliament is sitting: 8.00a.m - 7.00p.m or until the house adjourns
Mondays and Fridays and when the House is on Recess:  8.00a.m - 5.00p.m
Closed on Weekends and Public Holidays

Online Public Access Catalog (OPAC)
Website: http://www.parliament.go.ke
Bunge Library: https://libraryir.parliament.go.ke
Contact: library@parliament.go.ke | Tel no: (254-2)2221291 or 2848000 Ext 5043